Football Teams Shkodran Mustafi Played For - Statistics

General Stats
  • This quiz has been taken 30 times
  • The average score is 3 of 5
Answer Stats
League Years Team % Correct
England 2016-2021 Arsenal FC
100%
Spain 2014-2016 Valencia CF
80%
Germany 2021 FC Schalke 04
56%
Italy 2012-2014 UC Sampdoria
52%
Spain 2021-2023 Levante UD
40%
No matching quizzes found
Score Distribution
Percent of People with Each Score
Percentile by Number Answered
Your Score History
You have not taken this quiz